Memorial de artillería (Record no. 159364)

MARC details
000 -LEADER
campo de control de longitud fija 01088nam a2200205 i 4500
001 - NÚMERO DE CONTROL
campo de control 159364
003 - IDENTIFICADOR DE NÚMERO DE CONTROL
campo de control ES-MaACL
005 - FECHA Y HORA DE LA ÚLTIMA TRANSACCIÓN
campo de control 20251013180628.0
008 - DATOS DE LONGITUD FIJA--INFORMACIÓN GENERAL
campo de control de longitud fija 000725s1881 sp af |||| | spa d
040 ## - FUENTE DE CATALOGACIÓN
Centro catalogador/agencia de origen CCPB | B
Lengua de catalogación spa
Centro/agencia transcriptor CCPB | B
245 00 - MENCIÓN DEL TÍTULO
Título Memorial de artillería
Resto del título : entrega estraordinaria : centenario de Calderon.
260 ## - PUBLICACIÓN, DISTRIBUCIÓN, ETC.
Lugar de publicación, distribución, etc. Madrid :
Nombre del editor, distribuidor, etc. [s.n.],
Fecha de publicación, distribución, etc. 1881 (
Fabricante imprenta de la viuda é hijo de D. E. Aguado)
300 ## - DESCRIPCIÓN FÍSICA
Extensión 223 p., [4] h. de grab., [8] h. pleg. de grab. ;
Dimensiones 22 cm.
505 8# - NOTA DE CONTENIDO CON FORMATO
Nota de contenido con formato Contiene: Don Pedro Calderon de la Barca y su tiempo / por el cor. cap. D. Arturo de Oliver Copons. Bibliografía artillera de España del siglo XVII / por el cor. D. Adolfo Carrasco. Bombas cilíndricas usadas en el siglo XVII / por el gen. D. Pedro de Lallave. Pláticas de artillería / de D. Diego Ufano
600 14 - PUNTO DE ACCESO ADICIONAL DE MATERIA--NOMBRE DE PERSONA
Nombre de persona Calderón de la Barca, Pedro-
Subdivisión de forma Aniversarios y centenarios
9 (RLIN) 33612
650 04 - PUNTO DE ACCESO ADICIONAL DE MATERIA--TÉRMINO DE MATERIA
Término de materia o nombre geográfico como elemento de entrada Artillería-
Subdivisión geográfica España.
9 (RLIN) 10354
700 1# - ENTRADA AGREGADA--NOMBRE PERSONAL
Nombre de persona Carrasco y Saiz del Campo, Adolfo,
Fechas asociadas al nombre 1830-1906
9 (RLIN) 35577
852 ## - LOCALIZACIÓN
Ubicación ES-MaACL
Número de control de estantería G-11180
Nota libre -- Enc. hol.
Holdings
Estatus retirado Estado de pérdida Estado de daño No para préstamo Colección Biblioteca de origen Biblioteca actual Ubicación en estantería Fecha de adquisición Fuente de adquisición Total de préstamos Signatura topográfica completa Código de barras Visto por última vez Precio de reemplazo Tipo de ítem Koha
        Libros del s. XIX Biblioteca del Ateneo de Madrid Biblioteca del Ateneo de Madrid Sala Pecera Planta 3 17/01/2008     G-11180 1166832 23/02/2023 23/02/2023 Libro impreso antiguo